[Event "India rating op"]
[Site "India"]
[Date "2019.02.03"]
[Round "1"]
[White "Kale, Ashika"]
[Black "Krishna, C Revanth Gopala"]
[Result "0-1"]
[WhiteElo "1144"]
[BlackElo "2443"]
[PlyCount "54"]
[EventDate "2019.02.03"]
[EventType "swiss"]
[EventRounds "11"]
[EventCountry "IND"]
[SourceTitle "EXT 2021"]
[Source "ChessBase"]
[SourceDate "2020.10.23"]
[SourceVersion "1"]
[SourceVersionDate "2020.10.23"]
[SourceQuality "1"]

1. d4 Nf6 2. c4 d6 3. Nc3 Nbd7 4. Bf4 g6 5. Nf3 Bg7 6. e3 0-0 7. Bd3 Qe8 8. 0-0 e5 9. dxe5 dxe5 10. Bg5 e4 11. Bxf6 Nxf6 12. Nxe4 Nxe4 13. Bxe4 Qxe4 14. Rc1 Bg4 15. b3 Rfd8 16. Qe2 Rd7 17. Rfd1 Rad8 18. h3 Bxf3 19. gxf3 Qf5 20. Kh2 Qe6 21. f4 Qe4 22. f3 Qe7 23. Kg2 Bh6 24. Qf2 Rxd1 25. Rxd1 Rxd1 26. Qe2 Rd8 27. Kf2 Qb4 0-1

[Event "IND-ch U11 Girls"]
[Site "Sivagangai Tamilnadu"]
[Date "2018.07.31"]
[Round "5.8"]
[White "Anupam, M Sreekumar"]
[Black "Kale, Ashika"]
[Result "1-0"]
[WhiteElo "1417"]
[BlackElo "1169"]
[PlyCount "73"]
[EventDate "2018.07.28"]
[EventType "swiss"]
[EventRounds "11"]
[EventCountry "IND"]
[SourceTitle "EXT 2024"]
[Source "ChessBase"]
[SourceDate "2023.10.10"]
[SourceVersion "1"]
[SourceVersionDate "2023.10.10"]
[SourceQuality "1"]

1. e4 d5 2. exd5 Qxd5 3. Nc3 Qa5 4. d4 c6 5. Nf3 Bf5 6. Bd2 Qc7 7. Bc4 e6 8. 0-0 Nf6 9. Re1 Be7 10. Ne5 Nbd7 11. Bf4 Nxe5 12. Bxe5 Qd7 13. Ne2 0-0 14. Ng3 Bg6 15. Kh1 Nd5 16. Ne4 f6 17. Bg3 Bxe4 18. Rxe4 f5 19. Bxd5 fxe4 20. Bxe4 Rad8 21. Qh5 h6 22. c3 Bf6 23. Qg6 c5 24. d5 exd5 25. Qh7+ Kf7 26. Bg6+ Ke7 27. Re1+ Be5 28. Bxe5 Qe6 29. Qxg7+ Rf7 30. Bf6+ Kd6 31. Rxe6+ Kxe6 32. Qxf7+ Kd6 33. Bxd8 b5 34. Bf5 Ke5 35. Qe6+ Kf4 36. g3+ Kf3 37. Qe3# 1-0